000 00399nam a2200133Ia 4500
008 220217s9999||||xx |||||||||||||| ||und||
020 _a81-7319-239-1
082 _a621.382 7 JAI
100 _aJain,Pawan, K Malkowsky, Eberhard
_92906
245 0 _aSequence spaces and applications
260 _aNarosa publishing house
_bNew Delhi
_c1999
300 _b550
650 _aSATELLITE COMMUNICATION
999 _c170232
_d170232